[Event "36th Zalakaros Open 2017"]
[Site "Zalakaros HUN"]
[Date "2017.05.20"]
[Round "3.25"]
[White "Raja, Harshit"]
[Black "Zubov, Alexander"]
[Result "0-1"]
[BlackTitle "GM"]
[WhiteElo "2334"]
[BlackElo "2604"]
[WhiteFideId "5089000"]
[BlackFideId "14109409"]
[EventDate "2017.05.18"]

1. e4 Nc6 2. Nf3 d6 3. d4 Nf6 4. Nc3 g6 5. Be2 Bg7 6. O-O O-O 7. d5 Nb8 8. h3 c6
9. a4 b6 10. Bg5 h6 11. Be3 Bb7 12. Qd2 Kh7 13. Nd4 Qc8 14. Nb3 Na6 15. a5 cxd5
16. exd5 Nc7 17. Bf3 b5 18. Bd4 e5 19. dxe6 Bxf3 20. e7 Re8 21. Qf4 Bxg2 22.
Kxg2 Ne6 23. Qxd6 Ng5 24. Qg3 Qc6+ 25. f3 b4 26. Bxf6 Bxf6 27. Ne4 Nxe4 28. fxe4
Rxe7 29. Qf3 Bxb2 30. Rad1 Bg7 31. e5 Qxf3+ 32. Rxf3 Rc8 33. Nd4 Bxe5 34. Re1 f6
35. Rf2 Kg7 36. Rfe2 Kf7 0-1

[Event "36th Zalakaros Open 2017"]
[Site "Zalakaros HUN"]
[Date "2017.05.20"]
[Round "3.26"]
[White "Stupak, Kirill"]
[Black "Tica, Sven"]
[Result "1/2-1/2"]
[WhiteTitle "GM"]
[BlackTitle "FM"]
[WhiteElo "2560"]
[BlackElo "2332"]
[WhiteFideId "13503758"]
[BlackFideId "14526948"]
[EventDate "2017.05.18"]

1. c4 e6 2. Nf3 d5 3. g3 Nf6 4. Bg2 Be7 5. O-O O-O 6. d4 c6 7. Nc3 Nbd7 8. Nd2
b6 9. e4 dxe4 10. Ndxe4 Bb7 11. Be3 Nxe4 12. Nxe4 e5 13. Qd2 f5 14. Nc3 f4 15.
gxf4 exd4 16. Qxd4 Qc7 17. Rad1 Rad8 18. Qe4 Nc5 19. Bxc5 Bxc5 20. Rxd8 Qxd8 21.
Qe6+ Kh8 22. Ne4 Be7 23. Re1 Bb4 24. Re3 Bc8 25. Qxc6 Qd1+ 26. Bf1 Qg4+ 27. Rg3
Qxf4 28. Be2 Qc1+ 29. Kg2 Qxb2 30. Re3 Qe5 31. Ng3 Qc5 32. Bf3 Qxc6 33. Bxc6 Bc5
34. Re2 g6 35. f3 Bf5 36. Be4 Bd7 37. h4 Kg7 38. h5 Be6 39. Bd5 Bxd5 40. cxd5
Rd8 41. Rd2 Kf6 42. Ne4+ Ke5 43. hxg6 hxg6 44. Ng5 Rxd5 45. f4+ Kd6 46. Nf7+ Ke6
47. Nd8+ Kd6 48. Nb7+ Kc6 49. Nd8+ Kd6 50. Nb7+ Kc6 1/2-1/2

[Event "36th Zalakaros Open 2017"]
[Site "Zalakaros HUN"]
[Date "2017.05.20"]
[Round "3.27"]
[White "Sanal, Vahap"]
[Black "Blohberger, Felix"]
[Result "1-0"]
[WhiteTitle "GM"]
[BlackTitle "FM"]
[WhiteElo "2533"]
[BlackElo "2319"]
[WhiteFideId "6300545"]
[BlackFideId "1632051"]
[EventDate "2017.05.18"]

1. Nf3 d5 2. g3 c6 3. Bg2 Bg4 4. O-O Nd7 5. d3 Ngf6 6. Nbd2 e5 7. h3 Bh5 8. g4
Bg6 9. Nh4 Bd6 10. e3 Qc7 11. Qe2 O-O 12. b3 a5 13. a3 h6 14. Bb2 Nc5 15. Nf5
Rfe8 16. c4 d4 17. Rfe1 Qd7 18. exd4 exd4 19. Qf3 Bxf5 20. gxf5 Bc7 21. Kf1 Qd6
22. Rxe8+ Rxe8 23. Re1 Rxe1+ 24. Kxe1 Nfd7 25. Qe2 Qe5 26. Qxe5 Nxd3+ 27. Ke2
N7xe5 28. Bxd4 Nf4+ 29. Kf1 Nxg2 30. Kxg2 Nd3 31. Kf3 Bd6 32. Ke4 Nc5+ 33. Ke3
g6 34. Bc3 b6 35. b4 axb4 36. axb4 Na4 37. Ne4 Nxc3 38. Nxd6 Nd1+ 39. Kf3 b5 40.
cxb5 cxb5 41. Nxb5 Kg7 42. Nd6 Nb2 43. Ke4 Kf6 44. b5 Na4 45. Kd5 gxf5 46. f4 1-0

[Event "36th Zalakaros Open 2017"]
[Site "Zalakaros HUN"]
[Date "2017.05.20"]
[Round "3.28"]
[White "Li, Bo"]
[Black "Studer, Noel"]
[Result "1-0"]
[WhiteTitle "IM"]
[BlackTitle "IM"]
[WhiteElo "2359"]
[BlackElo "2498"]
[WhiteFideId "8602786"]
[BlackFideId "1319620"]
[EventDate "2017.05.18"]

1. d4 d5 2. c4 dxc4 3. Nf3 e6 4. e3 a6 5. a4 c5 6. Bxc4 Nf6 7. O-O Nc6 8. Nc3
cxd4 9. exd4 Be7 10. d5 exd5 11. Nxd5 Nxd5 12. Bxd5 Nb4 13. Be4 O-O 14. Be3 Qa5
15. Qd4 Be6 16. Bxb7 Rad8 17. Qe5 Qxe5 18. Nxe5 Rb8 19. Be4 f5 20. Bb1 Rfd8 21.
Nf3 Bf6 22. Ng5 Bc8 23. Bf4 Rb7 24. Ra3 Bxb2 25. Rb3 Bf6 26. Re1 Re7 27. Rc1 a5
28. h3 h6 29. Nf3 Be6 30. Re3 Nd5 31. Rd3 Bb2 32. Rc5 Ree8 33. Bd2 Nf6 34. Rxd8
Rxd8 35. Bxf5 Bb3 36. Rb5 1-0

[Event "36th Zalakaros Open 2017"]
[Site "Zalakaros HUN"]
[Date "2017.05.20"]
[Round "3.29"]
[White "Secheres, Adrian-Simion"]
[Black "Kantor, Gergely"]
[Result "1/2-1/2"]
[WhiteTitle "FM"]
[BlackTitle "IM"]
[WhiteElo "2309"]
[BlackElo "2481"]
[WhiteFideId "1217445"]
[BlackFideId "751499"]
[EventDate "2017.05.18"]

1. e4 e5 2. Nf3 Nc6 3. Bc4 Bc5 4. c3 Nf6 5. d3 O-O 6. O-O d5 7. exd5 Nxd5 8. Re1
Bg4 9. Nbd2 Bb6 10. h3 Bh5 11. Ne4 f6 12. a4 a5 13. Ng3 Bf7 14. Qb3 Qd7 15. Bd2
Rad8 16. Rad1 Kh8 17. Bc1 g5 18. d4 exd4 19. cxd4 Bg6 20. Ne4 Ncb4 21. Re2 Rde8
22. Rde1 c6 23. Nc5 Bxc5 24. dxc5 Qf5 1/2-1/2

[Event "36th Zalakaros Open 2017"]
[Site "Zalakaros HUN"]
[Date "2017.05.20"]
[Round "3.30"]
[White "Krzyzanowski, Marcin"]
[Black "Pultorak, Jan"]
[Result "1-0"]
[WhiteTitle "IM"]
[BlackTitle "FM"]
[WhiteElo "2457"]
[BlackElo "2303"]
[WhiteFideId "1132199"]
[BlackFideId "1176021"]
[EventDate "2017.05.18"]

1. e4 d5 2. exd5 Qxd5 3. Nc3 Qd6 4. d4 c6 5. Nf3 Bg4 6. h3 Bxf3 7. Qxf3 Qxd4 8.
Bf4 Nd7 9. Rd1 Qb6 10. Bc4 e6 11. Rxd7 Kxd7 12. Be3 Qb4 13. Qxf7+ Qe7 14. Bxe6+
Kd8 15. Qf5 g6 16. Qd3+ Qd6 17. Qd4 Qxd4 18. Bxd4 Ke7 19. Bxh8 Kxe6 20. O-O Rd8
21. Re1+ Kf7 22. Ne4 h6 23. Bc3 Bg7 24. Bxg7 Kxg7 25. Re2 b6 26. Rd2 Rxd2 27.
Nxd2 Kf6 28. Kf1 Ne7 29. Ke2 Ke5 30. g3 c5 31. Kd3 Nc6 32. Nc4+ Ke6 33. a4 Nb4+
34. Kd2 Kd5 35. Ne3+ Ke4 36. Ke2 h5 37. c3 Nc6 38. f3+ Ke5 39. Nc4+ Kf5 40. Ke3
Ne7 41. f4 Ke6 42. Ke4 Nd5 43. Ne5 Ne7 44. Nxg6 Nc8 45. g4 Nd6+ 46. Kd3 hxg4 47.
hxg4 a6 48. Nf8+ Kd5 49. Nd7 b5 50. axb5 axb5 51. Nf6+ Ke6 52. Ne4 Nb7 53. b4
cxb4 54. cxb4 Kd5 55. Nc3+ 1-0

[Event "36th Zalakaros Open 2017"]
[Site "Zalakaros HUN"]
[Date "2017.05.20"]
[Round "3.31"]
[White "Rahul, Srivatshav P"]
[Black "Bagi, Mate"]
[Result "1/2-1/2"]
[BlackTitle "IM"]
[WhiteElo "2303"]
[BlackElo "2455"]
[WhiteFideId "25059653"]
[BlackFideId "742570"]
[EventDate "2017.05.18"]

1. d4 Nf6 2. c4 b6 3. Nc3 Bb7 4. Qc2 d5 5. cxd5 Nxd5 6. e4 Nxc3 7. bxc3 e5 8.
dxe5 Qe7 9. Nf3 Nd7 10. Bf4 O-O-O 11. Bc4 h6 12. Bg3 Nc5 13. Nd2 g5 14. O-O-O
Bg7 15. f3 Bxe5 16. Nb3 Nxb3+ 17. Qxb3 f6 18. Kc2 Kb8 19. Qb4 Qg7 20. Be6 a5 21.
Qb3 Qe7 22. Bf2 Rxd1 23. Rxd1 Rd8 24. Rxd8+ Qxd8 25. g3 Qd6 26. a4 Bc6 27. Bd5
Bd7 28. Be3 Ka7 29. Bf2 Be8 30. Bf7 Bd7 31. Bd5 f5 32. c4 c5 33. Be1 Ka6 34.
exf5 Bxf5+ 35. Kc1 Bd7 36. Qc2 Bg7 37. Bc3 Qe7 38. Be4 Bxc3 39. Qxc3 Bxa4 40.
Qh8 Be8 41. Qxh6 a4 42. Qh8 g4 43. Qc3 b5 44. cxb5+ Bxb5 45. Kb2 Kb6 1/2-1/2

[Event "36th Zalakaros Open 2017"]
[Site "Zalakaros HUN"]
[Date "2017.05.20"]
[Round "3.32"]
[White "Nguyen, Piotr"]
[Black "Risting, Eivind Olav"]
[Result "1-0"]
[WhiteTitle "IM"]
[BlackTitle "FM"]
[WhiteElo "2453"]
[BlackElo "2297"]
[WhiteFideId "1127993"]
[BlackFideId "1517333"]
[EventDate "2017.05.18"]

1. Nf3 Nf6 2. c4 e6 3. g3 d5 4. Bg2 Be7 5. O-O O-O 6. b3 c5 7. Bb2 b6 8. e3 Bb7
9. Nc3 Nbd7 10. Qe2 Ne4 11. cxd5 exd5 12. Rfd1 Bf6 13. d4 Qe7 14. Rac1 Rac8 15.
dxc5 Nxc3 16. Bxc3 bxc5 17. Qb5 Bc6 18. Qa5 Rfd8 19. Bxf6 Qxf6 20. Ne1 d4 21.
exd4 Bxg2 22. Kxg2 cxd4 23. Rxc8 Rxc8 24. Qxa7 Qc6+ 25. Kg1 Nc5 26. Rc1 Qe4 27.
Qa5 h5 28. b4 d3 29. bxc5 Qe2 30. Nxd3 Qxd3 31. c6 Qf3 32. h4 g6 33. c7 Qb7 34.
Qe5 Qb6 35. a4 Qa6 36. a5 Qb7 37. Qd6 1-0

[Event "36th Zalakaros Open 2017"]
[Site "Zalakaros HUN"]
[Date "2017.05.20"]
[Round "3.33"]
[White "Gazik, Igor"]
[Black "Kreisl, Robert"]
[Result "0-1"]
[WhiteTitle "IM"]
[BlackTitle "IM"]
[WhiteElo "2292"]
[BlackElo "2448"]
[WhiteFideId "14900149"]
[BlackFideId "1613880"]
[EventDate "2017.05.18"]

1. e4 g6 2. d4 Bg7 3. Nc3 d6 4. Be3 a6 5. Qd2 b5 6. O-O-O Bb7 7. f3 Nd7 8. g4 h6
9. h4 Ngf6 10. Qg2 b4 11. Nce2 c5 12. dxc5 Qa5 13. Kb1 Nxc5 14. Nd4 Qc7 15. Qd2
Rb8 16. Bd3 h5 17. gxh5 Nxh5 18. Nh3 d5 19. exd5 Bxd5 20. Rhg1 Na4 21. Qe2 Bxa2+
22. Kxa2 Nc3+ 23. bxc3 Qa5+ 24. Kb1 bxc3+ 25. Bb5+ Rxb5+ 26. Qxb5+ axb5 27. Nc6
Qc7 28. Rd8+ Qxd8 29. Nxd8 Kxd8 30. Ng5 Ke8 31. Rg4 Nf6 32. Rd4 e6 33. Bf2 Nd5
34. Rd1 Bf6 35. Ne4 Be7 36. Ka2 f5 37. Nc5 Bxc5 38. Bxc5 Rxh4 39. Rb1 Ra4+ 40.
Kb3 Rc4 0-1

[Event "36th Zalakaros Open 2017"]
[Site "Zalakaros HUN"]
[Date "2017.05.20"]
[Round "3.34"]
[White "Munkhgal, Gombosuren"]
[Black "Hardicsay, Peter"]
[Result "1-0"]
[WhiteTitle "IM"]
[BlackTitle "IM"]
[WhiteElo "2445"]
[BlackElo "2218"]
[WhiteFideId "4901266"]
[BlackFideId "700622"]
[EventDate "2017.05.18"]

1. d4 Nf6 2. c4 e6 3. Nc3 Bb4 4. Nf3 c5 5. g3 cxd4 6. Nxd4 O-O 7. Bg2 d5 8. Qb3
Qa5 9. Bd2 dxc4 10. Qxc4 Qc5 11. Qxc5 Bxc5 12. Nb3 Be7 13. Na5 Nbd7 14. O-O Ne8
15. a3 h6 16. Rac1 Nd6 17. Na4 Rb8 18. Rfd1 Nb6 19. Nc5 e5 20. Bb4 Rd8 21. Ne4
Nf5 22. Bxe7 Rxd1+ 23. Rxd1 Nxe7 24. Rd8+ Kh7 25. Nd6 f5 26. Re8 1-0

[Event "36th Zalakaros Open 2017"]
[Site "Zalakaros HUN"]
[Date "2017.05.20"]
[Round "3.35"]
[White "Chovan, Milan"]
[Black "Farago, Ivan"]
[Result "0-1"]
[WhiteTitle "FM"]
[BlackTitle "GM"]
[WhiteElo "2288"]
[BlackElo "2411"]
[WhiteFideId "14933691"]
[BlackFideId "700134"]
[EventDate "2017.05.18"]

1. c4 Nf6 2. Nc3 e5 3. Nf3 Nc6 4. a3 d5 5. cxd5 Nxd5 6. d3 Bg4 7. e3 Qd7 8. h3
Be6 9. Bd2 Be7 10. b4 a6 11. Be2 f5 12. Nxd5 Qxd5 13. Rc1 O-O 14. O-O Rad8 15.
Bc3 Bf6 16. Nd2 Qd7 17. Qc2 e4 18. d4 Ne7 19. Bb2 c6 20. Rfe1 Kh8 21. Bf1 Bd5
22. Be2 Nc8 23. Bc4 Nd6 24. Bf1 Qe6 25. Nc4 Nxc4 26. Bxc4 Rc8 27. Bf1 Be7 28.
Bc3 Bd6 29. g3 g5 30. Bg2 Rce8 31. Bd2 Qg6 32. Kh1 Qh6 33. Kg1 f4 34. exf4 gxf4
35. Bxf4 Bxf4 36. gxf4 Rg8 37. Re3 Qxf4 38. Kh1 Rg5 39. Rce1 Reg8 40. Bxe4 Rg2
41. Rg3 Qxg3 0-1

[Event "36th Zalakaros Open 2017"]
[Site "Zalakaros HUN"]
[Date "2017.05.20"]
[Round "3.36"]
[White "Kozak, Adam"]
[Black "Havanecz, Bianka"]
[Result "1/2-1/2"]
[WhiteTitle "FM"]
[BlackTitle "WIM"]
[WhiteElo "2411"]
[BlackElo "2210"]
[WhiteFideId "753246"]
[BlackFideId "704814"]
[EventDate "2017.05.18"]

1. d4 Nf6 2. c4 e6 3. Nf3 Bb4+ 4. Bd2 a5 5. g3 d6 6. Bg2 Nbd7 7. O-O Bxd2 8.
Qxd2 O-O 9. Nc3 e5 10. Rfd1 Re8 11. Rac1 h6 12. b3 e4 13. Ne1 b6 14. Nc2 Bb7 15.
Ne3 Qe7 16. Qc2 Rac8 17. Qb2 h5 18. a3 Ng4 19. Qd2 Nxe3 20. Qxe3 f5 21. b4 axb4
22. axb4 Rf8 23. Ra1 Ra8 24. Nb5 c6 25. Nc3 Qf7 26. Rac1 Ra3 27. Qf4 Qf6 28. h4
Rc8 29. Bh3 Rf8 30. e3 Rf7 31. Bf1 Kh7 32. Be2 g6 33. f3 exf3 34. Bxf3 Nf8 35.
Bg2 Kg7 36. e4 Rb3 37. exf5 Qxf5 38. Qxf5 gxf5 39. Ne2 Rxb4 40. Nf4 Kh6 41. Re1
Rb3 42. Kf2 Rb2+ 43. Kg1 Rb3 44. Kf2 Rb2+ 45. Kg1 1/2-1/2

[Event "36th Zalakaros Open 2017"]
[Site "Zalakaros HUN"]
[Date "2017.05.20"]
[Round "3.37"]
[White "Banzea, Alexandru-Bogdan"]
[Black "Juhasz, Armin"]
[Result "1-0"]
[WhiteTitle "FM"]
[BlackTitle "IM"]
[WhiteElo "2278"]
[BlackElo "2410"]
[WhiteFideId "1232622"]
[BlackFideId "724270"]
[EventDate "2017.05.18"]

1. e4 c5 2. Nf3 e6 3. d4 cxd4 4. Nxd4 Nc6 5. Nc3 a6 6. Be2 Qc7 7. Be3 Nf6 8. O-O
Bb4 9. Na4 Be7 10. c4 Nxe4 11. Rc1 Nf6 12. f4 d6 13. Nb3 Nd7 14. Bf3 O-O 15. c5
d5 16. Nb6 Nxb6 17. cxb6 Qd8 18. Qd2 Bd7 19. Rfd1 Bf6 20. Nc5 Rb8 21. b4 Be8 22.
Bf2 Ne7 23. a4 Bc6 24. a5 Bb5 25. Be2 Qe8 26. Bxb5 Qxb5 27. Qd3 Qxd3 28. Rxd3
Rfd8 29. b5 axb5 30. Nxb7 Rxb7 31. a6 Rbd7 32. b7 d4 33. Bxd4 Nd5 34. Bxf6 gxf6
35. Rc8 Kg7 36. b8=Q 1-0

[Event "36th Zalakaros Open 2017"]
[Site "Zalakaros HUN"]
[Date "2017.05.20"]
[Round "3.45"]
[White "Marosi, Levente"]
[Black "Kosakowski, Jakub"]
[Result "1/2-1/2"]
[WhiteTitle "FM"]
[BlackTitle "FM"]
[WhiteElo "2286"]
[BlackElo "2369"]
[WhiteFideId "747181"]
[BlackFideId "1185080"]
[EventDate "2017.05.18"]

1. e4 c5 2. c3 d5 3. exd5 Qxd5 4. d4 Nf6 5. Nf3 Bg4 6. Be2 e6 7. h3 Bh5 8. O-O
Nc6 9. Be3 cxd4 10. cxd4 Be7 11. Nc3 Qd6 12. Qb3 O-O 13. Rfd1 Nb4 14. d5 Nbxd5
15. g4 Bg6 16. g5 Nd7 17. Nxd5 exd5 18. Qxd5 Qxd5 19. Rxd5 Nb6 20. Rb5 Rac8 21.
a4 Rfd8 22. Ne5 Be4 23. Bf3 Bxf3 24. Nxf3 Rd5 25. Rxd5 Nxd5 26. Bxa7 Bc5 27.
Bxc5 Rxc5 28. Rd1 f6 29. Rd4 Kf7 30. Kg2 Ne7 31. gxf6 gxf6 32. Rb4 Rc7 33. Nd4
Rd7 34. Nb3 Nd5 35. Rd4 b6 36. Nc1 Ke6 37. Nd3 Rb7 38. Kf3 Ne7 39. Rb4 Nc6 40.
Re4+ Kd6 41. Nb4 Ne5+ 42. Ke3 b5 43. axb5 Rxb5 44. Rd4+ Ke6 45. f4 Nf7 46. Re4+
Kd7 47. Rd4+ Nd6 48. Kf3 Ke6 49. Nd3 Rb3 50. Kg4 Rb8 51. f5+ Ke7 52. Nb4 Rg8+
53. Kf4 Rg5 54. Nd5+ Kf7 55. Ne3 Ke7 56. Nd5+ Kf7 57. Ne3 Ke7 58. Ra4 Rh5 59.
Kg4 Rg5+ 60. Kf4 Rh5 61. Ra7+ Ke8 62. Kg4 Rg5+ 63. Kf4 Rh5 64. Ra8+ Kd7 65. Kg4
Rg5+ 66. Kf4 Rh5 67. Ra7+ Ke8 68. Ra6 Kd7 69. Kg4 Rg5+ 70. Kf4 Rh5 71. Ra7+ 1/2-1/2

[Event "36th Zalakaros Open 2017"]
[Site "Zalakaros HUN"]
[Date "2017.05.20"]
[Round "3.49"]
[White "Ugroczky, Peter"]
[Black "Cebalo, Miso"]
[Result "0-1"]
[WhiteTitle "FM"]
[BlackTitle "GM"]
[WhiteElo "2185"]
[BlackElo "2320"]
[WhiteFideId "758663"]
[BlackFideId "14500094"]
[EventDate "2017.05.18"]

1. e4 c5 2. Nf3 d6 3. Bb5+ Nd7 4. d4 cxd4 5. Qxd4 a6 6. Bxd7+ Bxd7 7. O-O e5 8.
Qd3 Rc8 9. b3 h6 10. c4 b5 11. Na3 Qa5 12. Rd1 Nf6 13. cxb5 axb5 14. Nb1 Be7 15.
Bd2 Qa8 16. Nc3 Qb7 17. Rac1 O-O 18. Ne1 Bc6 19. f3 Rfd8 20. Be3 Ra8 21. Qc2
Rdc8 22. Qd2 b4 23. Nd5 Bxd5 24. Rxc8+ Rxc8 25. exd5 Ra8 26. Bf2 Ra5 27. a4 Nxd5
28. Nd3 Bg5 29. Qc2 Be3 30. Re1 Bxf2+ 31. Qxf2 Nc3 32. Qh4 Rd5 33. Nxb4 Qb6+ 34.
Kh1 Rd4 35. Qh3 Qc5 36. Nc2 Rd2 37. b4 Qc4 38. Ne3 Qd3 39. Qc8+ Kh7 40. h3 Nxa4
41. Nf5 Nb6 42. Qd8 Qxf5 43. Qxb6 Qc2 44. Rg1 e4 45. fxe4 Qxe4 46. b5 Qd5 47.
Qc7 Rb2 48. b6 f5 49. Qd8 Qc5 50. Rf1 Rxb6 51. Qf8 Rb5 52. Rd1 Rb6 53. Rf1 Qe5
54. Qxf5+ Qxf5 55. Rxf5 Kg6 56. Rf8 Rb2 57. Kh2 Re2 58. Kg3 Re6 59. Rd8 Kf5 60.
Kf3 Ke5 61. Ke3 Kd5+ 62. Kd3 Rg6 63. g4 Rf6 64. Rd7 g5 65. Ke3 Re6+ 66. Kd3 Ke5
67. Ke3 d5 68. Rd8 Rf6 69. Re8+ Re6 70. Rd8 Ra6 71. Re8+ Kf6 72. Kd4 Ra3 73.
Kxd5 Rxh3 74. Re6+ Kf7 75. Re4 Rf3 76. Ke5 Kg6 77. Ra4 Re3+ 78. Kd4 Re6 79. Kd5
Rb6 80. Ke5 h5 81. gxh5+ Kxh5 82. Ke4 Kg4 83. Ke3+ Kg3 84. Ke2 Rf6 85. Ra3+ Kg2
86. Ra4 Rf4 87. Ra5 g4 88. Ke3 Rf3+ 89. Ke2 g3 90. Rg5 Rf6 91. Re5 Kg1 92. Ke1
g2 93. Re8 Kh2 94. Rh8+ Kg3 95. Rg8+ Kf3 96. Rg7 Re6+ 97. Kd1 Re4 98. Kd2 Rf4
99. Ke1 Re4+ 100. Kd2 Kf2 101. Rf7+ Kg3 102. Rg7+ Rg4 0-1

[Event "36th Zalakaros Open 2017"]
[Site "Zalakaros HUN"]
[Date "2017.05.20"]
[Round "3.52"]
[White "Aczel, Gergely"]
[Black "Injac, Teodora"]
[Result "1/2-1/2"]
[WhiteTitle "IM"]
[BlackTitle "WFM"]
[WhiteElo "2546"]
[BlackElo "2296"]
[WhiteFideId "727709"]
[BlackFideId "932400"]
[EventDate "2017.05.18"]

1. d4 Nf6 2. c4 g6 3. f3 Bg7 4. e4 d6 5. Nc3 O-O 6. Be3 a6 7. Bd3 Nfd7 8. Nge2
c5 9. Bc2 Nc6 10. dxc5 Nxc5 11. a3 Be6 12. b3 b5 13. cxb5 axb5 14. b4 Nd7 15.
Bd3 Nde5 16. Bxb5 Bc4 17. Bxc6 Nxc6 18. O-O Bxe2 19. Nxe2 Bxa1 20. Qxa1 e5 21.
Qc3 Qc8 22. Rb1 Ne7 23. Rb3 Qe6 24. Qb2 f5 25. Nc3 Qc4 26. Bg5 Nc6 27. Nd5 fxe4
28. Nf6+ Rxf6 29. Bxf6 Nd4 30. Re3 exf3 31. gxf3 Rf8 32. Be7 Nxf3+ 33. Kf2 Nxh2+
34. Bxf8 Ng4+ 35. Kg1 Nxe3 36. Bxd6 Qg4+ 37. Kh2 Qf4+ 38. Kg1 Qg3+ 39. Kh1 Qf3+
40. Kg1 Qd1+ 41. Kf2 Nc4 42. Qa2 Qd4+ 43. Kg3 Kg7 44. Bc5 Qd3+ 45. Kh2 Nxa3 46.
Qe6 Qd2+ 47. Kh3 Qh6+ 48. Kg2 Qg5+ 49. Kh1 Qf6 50. Qd7+ Qf7 51. Qd3 Nc4 52. Kg1
Qe6 53. b5 e4 54. Qd4+ Kf7 55. b6 Qg4+ 56. Kh2 Qf4+ 57. Kg2 Qf3+ 58. Kh2 Qe2+
59. Kg3 Qf3+ 60. Kh2 Qe2+ 61. Kg3 Qf3+ 62. Kh2 Qf4+ 63. Kg2 Qf3+ 64. Kh2 Qf4+
65. Kg2 Qg4+ 66. Kh2 Qe2+ 67. Kg3 Qf3+ 1/2-1/2

[Event "36th Zalakaros Open 2017"]
[Site "Zalakaros HUN"]
[Date "2017.05.20"]
[Round "3.53"]
[White "Swayams, Mishra"]
[Black "Ganaus, Hannes"]
[Result "1-0"]
[WhiteTitle "IM"]
[BlackTitle "IM"]
[WhiteElo "2448"]
[BlackElo "2271"]
[WhiteFideId "5028183"]
[BlackFideId "1602454"]
[EventDate "2017.05.18"]

1. d4 Nf6 2. c4 g6 3. Nc3 Bg7 4. e4 d6 5. Be2 O-O 6. Be3 c5 7. d5 a6 8. a4 e6 9.
Nf3 exd5 10. cxd5 Ng4 11. Bg5 f6 12. Bh4 b6 13. O-O Ra7 14. Nd2 Nh6 15. Nc4 Re7
16. Qb3 Rb7 17. f4 Nf7 18. e5 g5 19. exf6 Bxf6 20. fxg5 Nxg5 21. Bxg5 Bxg5 22.
Ne4 Rg7 23. Ncxd6 Bd7 24. Rxf8+ Kxf8 25. Rf1+ Kg8 26. Nf7 Rxf7 27. d6 Be3+ 28.
Kh1 1-0

[Event "36th Zalakaros Open 2017"]
[Site "Zalakaros HUN"]
[Date "2017.05.21"]
[Round "4.1"]
[White "Banusz, Tamas"]
[Black "Puranik, Abhimanyu"]
[Result "1/2-1/2"]
[WhiteTitle "GM"]
[BlackTitle "IM"]
[WhiteElo "2616"]
[BlackElo "2459"]
[WhiteFideId "722413"]
[BlackFideId "5061245"]
[EventDate "2017.05.18"]

1. Nf3 Nf6 2. d4 g6 3. Bf4 Bg7 4. e3 O-O 5. c3 d6 6. h3 b6 7. a4 a6 8. Be2 Bb7
9. O-O c5 10. Nbd2 Nbd7 11. Bh2 Rc8 12. Bd3 e5 13. dxe5 Nxe5 14. Nxe5 dxe5 15.
Qe2 Qd6 16. Rfd1 Qc6 17. e4 Bh6 18. Nc4 Bf4 19. g3 Bh6 20. Nxe5 Qe6 21. g4 Bg7
22. f3 Rce8 23. Nc4 Rd8 24. Bc2 h5 25. Rd6 Rxd6 26. Nxd6 Bc6 27. Nc4 hxg4 28.
hxg4 Rd8 29. Rd1 Rxd1+ 30. Bxd1 Nd7 31. Bc2 b5 32. Na5 c4 33. Nxc6 Qxc6 34. a5
b4 35. cxb4 Qb5 36. Qd2 Bxb2 37. Kg2 Bf6 38. Bd6 c3 39. Qd3 Qg5 40. b5 axb5 41.
Bb3 Ne5 42. Qd5 Qe3 43. Bxe5 Qe2+ 44. Kg3 Qe1+ 45. Kg2 Qe2+ 1/2-1/2

[Event "36th Zalakaros Open 2017"]
[Site "Zalakaros HUN"]
[Date "2017.05.21"]
[Round "4.2"]
[White "Nisipeanu, Liviu-Dieter"]
[Black "Mikhalevski, Victor"]
[Result "1/2-1/2"]
[WhiteTitle "GM"]
[BlackTitle "GM"]
[WhiteElo "2686"]
[BlackElo "2520"]
[WhiteFideId "1202758"]
[BlackFideId "2801914"]
[EventDate "2017.05.18"]

1. e4 e5 2. Nf3 Nc6 3. Bc4 Bc5 4. d3 Nf6 5. O-O d6 6. c3 a6 7. a4 Ba7 8. Na3 O-O
9. h3 Ne7 10. Nc2 a5 11. Be3 Ng6 12. Bxa7 Rxa7 13. Ne3 c6 14. Bb3 Re8 15. Bc2 h6
16. Re1 Ra8 17. d4 Qc7 18. Nh2 Bd7 19. Nhg4 Bxg4 20. hxg4 exd4 21. Qxd4 Re5 22.
Rad1 Rae8 23. Qxd6 Qxd6 24. Rxd6 Nxe4 25. Rd4 Nf6 26. Red1 Kf8 27. Kf1 Rc5 28.
Bxg6 fxg6 29. Rd8 Ke7 30. Rxe8+ Kxe8 31. Rd4 b5 32. Ke2 Nd7 33. axb5 cxb5 34.
Rd6 g5 35. Kd3 Rc7 36. Rd5 Nc5+ 37. Kd4 Nb3+ 38. Ke5 b4 39. cxb4 axb4 40. Rb5
Nc1 41. Rb8+ Kf7 42. Rd8 Re7+ 43. Kd4 Rc7 44. g3 Ke6 45. Ke4 Nb3 46. Rb8 Rd7 1/2-1/2

[Event "36th Zalakaros Open 2017"]
[Site "Zalakaros HUN"]
[Date "2017.05.21"]
[Round "4.3"]
[White "Kovalenko, Igor"]
[Black "Kollars, Dmitrij"]
[Result "1/2-1/2"]
[WhiteTitle "GM"]
[BlackTitle "IM"]
[WhiteElo "2657"]
[BlackElo "2503"]
[WhiteFideId "14117908"]
[BlackFideId "12909572"]
[EventDate "2017.05.18"]

1. e4 e5 2. Nf3 Nc6 3. Bb5 a6 4. Ba4 Nf6 5. O-O Be7 6. d3 b5 7. Bb3 d6 8. a3 Na5
9. Ba2 c5 10. Nc3 Be6 11. Bxe6 fxe6 12. Ne2 O-O 13. Ng3 Nc6 14. c3 Qe8 15. a4 b4
16. Bd2 Rb8 17. Re1 bxc3 18. bxc3 Nh5 19. Qc2 Nf4 20. Reb1 Qf7 21. Rxb8 Rxb8 22.
Rb1 Rxb1+ 23. Qxb1 Bd8 24. Be3 g5 25. Nd2 Qc7 26. Qb3 Na5 27. Qa2 Kf7 28. Bxf4
exf4 29. Ne2 Qb7 30. g3 fxg3 31. hxg3 Bf6 32. d4 cxd4 33. cxd4 d5 34. e5 Be7 35.
Qc2 Kg7 36. g4 Qc6 37. Qd1 Qb6 38. Kg2 Qb2 39. Nf3 Nc4 40. Kf1 Qa3 41. Nfg1 Qb3
42. Qxb3 Nd2+ 43. Ke1 Nxb3 44. Kd1 Na5 45. Kc2 Nc6 46. Kd3 Kg6 47. Ng3 Kf7 48.
Nf3 Nb4+ 49. Kc3 Nc6 50. Nh5 Kg6 51. Kd3 Nb4+ 52. Kd2 Nc6 53. Kc3 Bd8 54. Kd3
Nb4+ 55. Ke3 Nc6 56. Nd2 Bb6 57. Nf3 Bd8 58. Ng3 Kf7 59. Kd3 Nb4+ 60. Kd2 Nc6
61. Ke3 Kg6 62. Nh5 Kf7 63. Kd3 Nb4+ 64. Kc3 Nc6 65. Ng1 Ba5+ 66. Kd3 Nb4+ 67.
Kd2 Nc6+ 68. Kd3 Nb4+ 69. Ke2 Nc6 70. Nf3 Bd8 71. Ng3 Kg6 72. Kd2 Bb6 73. Kc3
Ba5+ 74. Kd3 Nb4+ 75. Ke3 Bb6 76. Nh5 Bd8 77. Nd2 Nc2+ 78. Kd3 Nb4+ 79. Kc3 Nc6
80. Nb3 Be7 81. Kd3 Kf7 82. Ke3 Kg6 83. f3 Kf7 84. Ng3 Bb4 85. Ne2 Na5 86. Nxa5
Bxa5 87. Nc1 Bb4 88. Nd3 Be7 89. Kd2 a5 90. Ke3 Ba3 91. Kf2 Be7 92. Nc1 Ba3 93.
Nb3 Bb4 94. Ke3 Ke7 95. Nc1 Ba3 96. Nb3 Bb4 97. Kd3 Kf7 98. Kc2 Kg6 99. Nc1 Ba3
100. Na2 h5 101. gxh5+ Kxh5 102. Nc3 g4 103. fxg4+ Kxg4 104. Nb5 Bb4 105. Kd3
Kf5 106. Nc7 Be7 107. Ke3 Bg5+ 108. Kf3 Bd8 109. Ne8 Kg6 110. Nd6 Bb6 111. Nb5 1/2-1/2